FIFA 17 Best Football Teams - Statistics

General Stats
  • This quiz has been taken 1,291 times
  • The average score is 16 of 21
Answer Stats
Rank Team OVA ATT MID DEF % Correct
1 Real Madrid 86 88 86 86
100%
3 FC Barcelona 85 92 86 83
99%
8 Manchester City 83 84 85 82
98%
7 Manchester United 83 90 82 81
98%
2 FC Bayern Munich 86 86 85 87
96%
9 Chelsea 83 84 83 83
95%
10 Arsenal 83 85 82 82
92%
4 Juventus 84 85 83 85
92%
6 Paris Saint-Germain 83 83 84 83
91%
16 Liverpool 81 82 80 81
90%
11 Borussia Dortmund 82 86 81 81
89%
15 Tottenham Hotspur 81 84 80 81
86%
5 Atletico Madrid 83 84 82 84
85%
14 Inter 81 80 82 80
84%
13 Napoli 81 81 82 80
68%
19 AS Roma 80 80 82 80
67%
12 Sevilla FC 81 79 82 78
62%
21 Everton 80 84 79 82
47%
20 Bayer Leverkusen 80 82 79 78
40%
18 VfL Wolfsburg 80 82 80 80
22%
17 Villarreal 80 79 80 80
13%
No matching quizzes found
Score Distribution
Percent of People with Each Score
Percentile by Number Answered
Your Score History
You have not taken this quiz